00862nam a2200229 450000100060000000300080000600500170001400800390003102000340007003500190010404000320012304100080015508200230016324500930018626000610027930000350034050000950037550400510047065000560052170000280057770000270060533231BD-RjUL20211209051953.0140430s1974 enka bs 101 0 eng a0521204410a052109853X (pbk.) a(BD-RjUL)33322 aDLCcDLCdDLCdBD-RjULbeng aeng00a301.4492bELI 197400aElites and power in British society /cedited by Philip Stanworth [and] Anthony Giddens. aLondon ;aNew York :bCambridge University Press,c1974. axiii, 261 p. :bill. ;c24 cm. aPapers presented at a working conference held at King's College, Cambridge, in March 1973. aIncludes bibliographical references and index. 0aElite (Social sciences)zGreat BritainxCongresses.1 aStanworth, Philip,eed.1 aGiddens, Anthony,eed.